Guess the Language - Statistics

General Stats
  • This quiz has been taken 68 times
  • The average score is 9 of 15
Answer Stats
Question Answer % Correct
Hello! My name is Adam. Nice to meet you. English
100%
Bonjour! Je m'appelle Adam. Enchanté de vous rencontrer. French
98%
Cześć! Nazywam się Adam. Miło cię poznać. Polish
94%
Hallo! Mijn naam is Adam. Aangenaam kennis te maken. Dutch
85%
こんにちは!私の名前はアダムです。はじめまして. Japanese
78%
สวัสดี! ฉันชื่ออาดัม ยินดีที่ได้รู้จักคุณ Thai
78%
Olá! Me chamo Adam. Prazer em conhecê-lo. Portuguese
72%
Bok! Zovem se Adam. Drago mi je što sam vas upoznao. Croatian
58%
Բարեւ! Ապահովվում եմ Ադամ: Ուրախ եմ հանդիպելու ձեզ հետ. Armenian
52%
Salom! Mening ismim Adam. Tanishganimdan xursandman. Uzbek
46%
မင်္ဂလာပါ! ကျွန်တော်နာမည်က အာဒမ်ဖြစ်ပါတယ်။ တွေ့ရတာဝမ်းသာပါတယ်။ Burmese
40%
Bula! Na noqu yaca o Adam. Au marautaka me caka na veinanumi kei iko. Fijian
32%
Salaan! Magacaygu waa Adam. Farxad ayey ii tahay inaad la kulanto. Somali
29%
ہیلو! میرا نام آدم ہے۔ آپ سے مل کر خوشی ہوئی۔ Urdu
25%
नमस्ते! मेरो नाम एडम हो। तपाईंलाई भेटेर खुशी लाग्यो। Nepali
11%
No matching quizzes found
Score Distribution
Percent of People with Each Score
Percentile by Number Answered
Your Score History
You have not taken this quiz